Steuerrecht <Ein> Grundriss des schweizerischen Steuerrechts für Unterricht und Selbststudium
Enregistré dans:
| Auteur principal: | |
|---|---|
| Format: | Livre |
| Langue: | allemand |
| Publié: |
Bern
Haupt
1993
|
| Édition: | 7. überarb. Aufl. |
| Collection: | Schriftenreihe Finanzwirtschaft und Finanzrecht
Bd. 8 |
| Sujets: | |
| Tags: |
Pas de tags, Soyez le premier à ajouter un tag!
|
MARC
| LEADER | 00000nam a2200000 4500 | ||
|---|---|---|---|
| 001 | c018779 | ||
| 005 | 20221206075056.7 | ||
| 020 | |a 3-258-04737-5 | ||
| 041 | 0 | |a ger | |
| 044 | |a CH | ||
| 245 | 1 | 0 | |a Steuerrecht |b <Ein> Grundriss des schweizerischen Steuerrechts für Unterricht und Selbststudium |c Ernst Höhn |
| 250 | |a 7. überarb. Aufl. | ||
| 264 | 1 | |a Bern |b Haupt |c 1993 | |
| 300 | |a 673 s. | ||
| 490 | 1 | |a Schriftenreihe Finanzwirtschaft und Finanzrecht |v Bd. 8 | |
| 830 | 0 | |a Schriftenreihe Finanzwirtschaft und Finanzrecht |v Bd. 8 | |
| 610 | 2 | 0 | |a dane |
| 610 | 2 | 0 | |a zákony |
| 610 | 2 | 0 | |a právo |
| 610 | 2 | 0 | |a systémy daňové |
| 610 | 2 | 0 | |a príjmy |
| 610 | 2 | 0 | |a zisk |
| 610 | 2 | 0 | |a doprava |
| 610 | 2 | 0 | |a zdanenie dvojité |
| 610 | 2 | 0 | |a Švajčiarsko |
| 100 | 1 | |a Höhn, Ernst | |